Necesidad moral de la libertad económica (Registro nro. 25380)
[ vista simple ]
| 000 -LEADER | |
|---|---|
| fixed length control field | 00318 a2200109 4500 |
| 001 - CONTROL NUMBER | |
| control field | ART_11195 |
| 005 - DATE AND TIME OF LATEST TRANSACTION | |
| control field | 20260410161855.0 |
| 008 - FIXED-LENGTH DATA ELEMENTS--GENERAL INFORMATION | |
| fixed length control field | 260409a |
| 100 1# - MAIN ENTRY--PERSONAL NAME | |
| Personal name | Röpke, Wilhelm |
| 245 10 - TITLE STATEMENT | |
| Title | Necesidad moral de la libertad económica |
| 773 0# - HOST ITEM ENTRY | |
| Title | Revista de Economía |
| Related parts | - Nº 37 (jun. 1983) |
| Record control number | REV11077 |
No hay ítems disponibles.